| 000 | 00516nam a2200217Ia 4500 | ||
|---|---|---|---|
| 008 | 170918s9999 xx 000 0 und d | ||
| 020 | _a9780439691468 | ||
| 050 | _bS857 2005 | ||
| 100 | _aStilton, Geronimo | ||
| 245 | _aField trip to Niagara Falls / | ||
| 245 | _cby Geronimo Stilton. | ||
| 260 | _aUSA : | ||
| 260 | _bScholastic, | ||
| 260 | _c2005 | ||
| 300 | _a110 pages : | ||
| 300 | _bcolor illustrations ; | ||
| 300 | _c19cm. | ||
| 300 | _eGeronimo Stilton ; | ||
| 440 | _a24 | ||
| 500 | _a580 | ||
| 999 |
_c344033 _d344033 |
||